| 000 | 00714nam a22002411 4500 | ||
|---|---|---|---|
| 001 | 10427 | ||
| 003 | BD-RjUL | ||
| 005 | 20211208234941.0 | ||
| 008 | 140123s1965 enkaf b 001 0 eng | ||
| 035 | _a(BD-RjUL)10475 | ||
| 040 |
_aDLC/ICU _cICU _dDLC _dBD-RjUL _beng |
||
| 041 | _aeng | ||
| 082 | 0 | 0 |
_a539.7 _bSMT 1965 |
| 100 | 1 |
_aSmith, C. M. H. _q(Colin Michael Holt) _932218 |
|
| 245 | 1 | 2 |
_aA Textbook Of Nuclear Physics / _cC.M.H. Smith. |
| 250 | _a[1st ed.]. | ||
| 260 |
_aOxford ; _aNew York : _bPergamon Press , _cc1965 |
||
| 300 |
_axvi, 822 p. : _bill. ; _c23 cm. |
||
| 504 | _aIncludes bibliographies and index. | ||
| 650 | 0 |
_aNuclear physics. _932219 |
|
| 942 |
_2ddc _cBK |
||
| 999 |
_c10427 _d10427 |
||